| 000 | 00890cam a2200265 a 4500 | ||
|---|---|---|---|
| 001 | 22340884 | ||
| 005 | 20250226180257.0 | ||
| 006 | m |o d | | ||
| 007 | cr ||||||||||| | ||
| 008 | 100330s2010 nyu o 000 0 eng | ||
| 020 |
_a9780071744119 _qebook |
||
| 020 | _z9780071742436 (pbk. : alk. paper) | ||
| 050 | 0 | 0 | _aHF5549.5.M63 |
| 082 | 0 | 0 |
_a658.3/14 _222 |
| 100 | 1 | _aDiamond, Harriet. | |
| 245 | 1 | 0 |
_aPerfect phrases for motivating and rewarding employees : _bhundreds of ready-to-use phrases for encouraging and recognizing employee excellence / _cby Harriet Diamond and Linda Eve Diamond. |
| 250 | _a2nd ed. | ||
| 260 |
_aNew York : _bMcGraw-Hill, _cc2010. |
||
| 300 | _a1 online resource (xii, 159 p.) | ||
| 650 | 0 | _aEmployee motivation. | |
| 650 | 0 | _aIncentive awards. | |
| 650 | 0 |
_aEmployees _xRating of. |
|
| 700 | 1 | _aDiamond, Linda Eve. | |
| 942 |
_2lcc _cBK _n0 |
||
| 999 |
_c4387 _d4387 |
||